[Event "ICS rated blitz match"]
[Site "204.178.125.65"]
[Date "1999.11.30"]
[Round "?"]
[White "ural"]
[Black "Hossa"]
[Result "0-1"]
[WhiteElo "2227"]
[BlackElo "2406"]
[PlyCount "80"]
[EventDate "1999.??.??"]

1. e4 c5 2. b3 Nc6 3. Bb2 e5 4. f4 exf4 5. Qf3 Nd4 6. Bxd4 cxd4 7. Qxf4 Qf6 8.
Ne2 Be7 9. c3 Qxf4 10. Nxf4 dxc3 11. Nxc3 Nf6 12. Nfd5 Nxd5 13. Nxd5 Kd8 14.
Bc4 Re8 15. Rf1 f6 16. d3 Ba3 17. Rb1 a6 18. Nb6 Ra7 19. b4 a5 20. b5 Re5 21.
Ke2 Rg5 22. g3 Rh5 23. h4 Rh6 24. Nd5 Bd6 25. Rg1 Bc5 26. b6 Bxg1 27. Rxg1 Ra8
28. a4 d6 29. Bb5 Bg4+ 30. Ke3 Rc8 31. Kf4 Be6 32. Bc4 Rc5 33. Rb1 f5 34. Ne3
fxe4 35. Kxe4 Bxc4 36. dxc4 Rf6 37. Kd4 Rf3 38. g4 Kd7 39. Nd5 Rg3 40. Ne3
40... Re5 {ural resigns} 0-1

[Event "ICS rated blitz match"]
[Site "204.178.125.65"]
[Date "1999.11.30"]
[Round "?"]
[White "Hossa"]
[Black "ural"]
[Result "1-0"]
[WhiteElo "2414"]
[BlackElo "2219"]
[PlyCount "27"]
[EventDate "1999.??.??"]

1. e4 d5 2. exd5 Qxd5 3. Nc3 Qa5 4. d4 Nf6 5. Bc4 Bg4 6. f3 Bd7 7. Bd2 Qh5 8.
Nge2 e6 9. Nf4 Qf5 10. g4 Qg5 11. h4 Qa5 12. Ncd5 Qa4 13. Nxc7+ Kd8 14. b3 {
ural resigns} 1-0

[Event "ICS rated standard match"]
[Site "204.178.125.65"]
[Date "1999.11.30"]
[Round "?"]
[White "Hossa"]
[Black "Moron"]
[Result "0-1"]
[WhiteElo "2202"]
[BlackElo "2625"]
[PlyCount "120"]
[EventDate "1999.??.??"]

1. e4 c5 2. Nf3 Nc6 3. d4 cxd4 4. Nxd4 Nf6 5. Nc3 d6 6. Bc4 Qb6 7. Nf3 e6 8.
O-O a6 9. Bb3 Be7 10. Be3 Qc7 11. Qe2 b5 12. Rad1 Bb7 13. Ng5 Na5 14. Bxe6 fxe6
15. Nxe6 Qc4 16. Qxc4 Nxc4 17. Nc7+ Kd7 18. Nxa8 Rxa8 19. e5 Nxe5 20. Rfe1 Nc4
21. Bc1 Rc8 22. Ne2 Nd5 23. c3 g6 24. b3 Ne5 25. Bb2 Bf6 26. a3 Ng4 27. h3 Ne5
28. Rd2 Nf7 29. Rd3 Re8 30. Rdd1 h5 31. Ba1 Rc8 32. Rc1 Bg5 33. Rcd1 Bd8 34.
Rd3 Bb6 35. Bb2 Ng5 36. h4 Nf7 37. Red1 Ne7 38. Nf4 Nf5 39. Rh3 Ne5 40. Kf1 Rf8
41. g3 Ng4 42. Rd2 Bxf2 43. Rxf2 Nfe3+ 44. Ke2 Re8 45. Rf1 Nc4+ 46. Kd1 Nge3+
47. Kc1 Nxf1 48. bxc4 Re1+ 49. Kc2 Be4+ 50. Kb3 Nd2+ 51. Kb4 Rb1 52. Ka5 Nxc4+
53. Kxa6 Rxb2 54. Nd3 Bxd3 55. g4 Be4 56. gxh5 Kc7 57. Rf3 Bxf3 58. Ka7 Ra2 59.
Ka6 Bc6 60. a4 60... Rxa4# {Hossa checkmated} 0-1

[Event "ICS unrated blitz match"]
[Site "204.178.125.65"]
[Date "1999.11.30"]
[Round "?"]
[White "Moron"]
[Black "Hossa"]
[Result "1-0"]
[WhiteElo "2719"]
[BlackElo "2426"]
[PlyCount "99"]
[EventDate "1999.??.??"]

1. e4 c5 2. Nf3 Nc6 3. d4 cxd4 4. Nxd4 Nf6 5. Nc3 d6 6. Bc4 Qb6 7. Nb3 Bd7 8.
Bg5 Qb4 9. Bd3 Ne5 10. a3 Qb6 11. Bxf6 gxf6 12. Nd5 Qd8 13. Be2 Bh6 14. f4 Ng6
15. g3 Rc8 16. Nd4 e6 17. Nc3 a6 18. Nb3 Bc6 19. O-O Rg8 20. Kf2 Rg7 21. Qd2
Kd7 22. Rad1 Kc7 23. Na5 Rg8 24. Nxc6 Kxc6 25. a4 Kc7 26. a5 Qe7 27. Qd4 Kd7
28. Na4 Rc6 29. Nb6+ Kc7 30. c3 Bg7 31. Qa4 Nf8 32. Rd3 Nd7 33. Nxd7 Qxd7 34.
Rfd1 Bh6 35. Qd4 Qe7 36. Qb4 Qd7 37. Qd4 Qe7 38. Qa7 Qd7 39. c4 Qe8 40. c5 Rxc5
41. Rxd6 Rc2 42. b4 Qa4 43. Rd8 Rxe2+ 44. Kf3 Qxb4 45. Rc1+ Rc2 46. Rxc2+ Kxd8
47. Qb8+ Kd7 48. Rc7+ Kd6 49. Rc8+ Ke7 50. Qc7# {Hossa checkmated} 1-0

[Event "ICS rated blitz match"]
[Site "204.178.125.65"]
[Date "1999.11.30"]
[Round "?"]
[White "SharpShooter"]
[Black "Hossa"]
[Result "1-0"]
[WhiteElo "2694"]
[BlackElo "2426"]
[PlyCount "107"]
[EventDate "1999.??.??"]

1. e4 c5 2. d4 cxd4 3. c3 Nf6 4. e5 Nd5 5. Nf3 Nc6 6. Bc4 Nb6 7. Bb3 dxc3 8.
Nxc3 g6 9. Bf4 Bg7 10. O-O Na5 11. Bc2 O-O 12. Rc1 Re8 13. Re1 Nac4 14. b3 Na3
15. Be4 a6 16. Be3 Nb5 17. Nxb5 axb5 18. Qe2 b4 19. Qb5 Ra6 20. Qxb4 f6 21. Bd3
Nd5 22. Qe4 Nxe3 23. Bxa6 bxa6 24. Qxe3 Rf8 25. Qa7 fxe5 26. Nxe5 Rf5 27. Nxd7
Bxd7 28. Red1 Qa5 29. Rxd7 Bf8 30. a4 Re5 31. Kf1 Rh5 32. Qd4 Rxh2 33. Rd5 Rh4
34. Rxa5 Rxd4 35. Rxa6 Rb4 36. Rc3 Rd4 37. Ra8 Rd1+ 38. Ke2 Rd5 39. Rf3 Rf5 40.
Rxf5 gxf5 41. a5 e5 42. a6 Kf7 43. Rc8 Bc5 44. Rxc5 Ke7 45. Rxe5+ Kd6 46. Rxf5
Kc7 47. Rf7+ Kd6 48. Rxh7 Ke5 49. a7 Kf6 50. a8=Q Ke5 51. f4+ Kd6 52. Qa5 Kc6
53. Rc7+ Kd6 54. Qe5# {Hossa checkmated} 1-0

[Event "ICS rated blitz match"]
[Site "204.178.125.65"]
[Date "1999.11.30"]
[Round "?"]
[White "Hossa"]
[Black "PostModernist"]
[Result "0-1"]
[WhiteElo "2420"]
[BlackElo "2544"]
[PlyCount "154"]
[EventDate "1999.??.??"]

1. e4 c6 2. Nc3 g6 3. Nf3 Bg7 4. d4 Nf6 5. Bg5 d6 6. Be2 O-O 7. e5 dxe5 8. Nxe5
Nd5 9. Nxd5 Qxd5 10. O-O Bxe5 11. dxe5 Qxe5 12. Bh6 Re8 13. c3 Be6 14. Re1 Qf6
15. Qd2 Nd7 16. Rad1 b6 17. Bg5 Qh8 18. c4 Rad8 19. Bh6 c5 20. b3 Qf6 21. Bf3
a6 22. Qe3 Nb8 23. Bg5 Qb2 24. Rxd8 Rxd8 25. Bxe7 Re8 26. Bd6 Nd7 27. Qe2 Qxe2
28. Rxe2 Rd8 29. Bc7 Rc8 30. Bf4 a5 31. Bd5 Bxd5 32. cxd5 Nf6 33. d6 Rd8 34. h4
h6 35. a4 Nd5 36. Bg3 f5 37. Be5 Rd7 38. Kh2 g5 39. Kh3 Kh7 40. hxg5 hxg5 41.
g4 Kg6 42. Kg3 Nb4 43. gxf5+ Kxf5 44. Kh2 Nd3 45. Bg3 Nf4 46. Bxf4 gxf4 47. Rd2
Ke6 48. Kh3 Rxd6 49. Re2+ Kf5 50. Kg2 Rd3 51. Rb2 Ke4 52. Rb1 Kd4 53. Rh1 Rxb3
54. Rg1 Rb4 55. Rd1+ Kc3 56. Kf3 Rxa4 57. Re1 Rd4 58. Rb1 Rb4 59. Re1 a4 60.
Kg4 a3 61. Rc1+ Kb2 62. Rd1 a2 63. Rd2+ Ka3 64. Rd3+ Ka4 65. Rd1 Rb1 66. Rd7 c4
67. Ra7+ Kb3 68. f3 a1=Q 69. Rxa1 Rxa1 70. Kxf4 c3 71. Kg4 c2 72. f4 c1=Q 73.
f5 Qe3 74. f6 Rg1+ 75. Kf5 b5 76. f7 Rg5+ 77. Kf6 77... Qe5# {Hossa checkmated}
0-1

[Event "ICS rated blitz match"]
[Site "204.178.125.65"]
[Date "1999.11.30"]
[Round "?"]
[White "ural"]
[Black "Hossa"]
[Result "0-1"]
[WhiteElo "2223"]
[BlackElo "2409"]
[PlyCount "84"]
[EventDate "1999.??.??"]

1. e4 e6 2. Qe2 c5 3. b3 e5 4. Bb2 Nc6 5. f4 Nd4 6. Qd3 exf4 7. Bxd4 cxd4 8.
Nf3 Ne7 9. Qxd4 Nc6 10. Qb2 Be7 11. d4 O-O 12. Nc3 Qa5 13. a3 Bf6 14. b4 Qd8
15. Nd5 Bh4+ 16. g3 fxg3 17. O-O-O f5 18. e5 gxh2 19. Rxh2 Bg3 20. Rh1 d6 21.
Bc4 Be6 22. Rdg1 Bf2 23. Rg2 dxe5 24. Rxf2 Bxd5 25. Qb3 Ne7 26. Nxe5 Bxc4 27.
Qxc4+ Qd5 28. Qxd5+ Nxd5 29. c4 Rac8 30. Kd2 Nf6 31. Kd3 Ne4 32. Rfh2 Rfe8 33.
c5 Re7 34. Kc4 g5 35. Rh6 Rd8 36. Nf3 Red7 37. d5 g4 38. Ne1 Rxd5 39. Rxh7 Rd4+
40. Kb3 R8d7 41. Rxd7 Rxd7 42. Rf1 42... Nd2+ {ural resigns} 0-1

[Event "ICS rated blitz match"]
[Site "204.178.125.65"]
[Date "1999.11.30"]
[Round "?"]
[White "ural"]
[Black "Hossa"]
[Result "0-1"]
[WhiteElo "2207"]
[BlackElo "2425"]
[PlyCount "108"]
[EventDate "1999.??.??"]

1. e4 e6 2. Qe2 c5 3. b3 e5 4. Bb2 Nc6 5. f4 Nd4 6. Qd3 exf4 7. Nf3 Nc6 8. Na3
Nb4 9. Qe2 Nf6 10. e5 Nh5 11. c3 Nd5 12. Nc4 Nc7 13. O-O-O Ne6 14. d4 cxd4 15.
cxd4 Bb4 16. d5 Ng5 17. Nd6+ Kf8 18. Kb1 Qe7 19. Nf5 Qd8 20. a3 Ba5 21. g4 d6
22. Rg1 Nxf3 23. Qxf3 dxe5 24. Bxe5 f6 25. Bb2 g5 26. Bc4 Ng7 27. Nd4 Qe8 28.
h4 Bb6 29. hxg5 Qg6+ 30. Ka2 Qxg5 31. Rdf1 Ne8 32. Qxf4 Qxf4 33. Rxf4 Rg8 34.
g5 Rg6 35. Ne6+ Bxe6 36. Rgf1 Bh3 37. gxf6 Bxf1 38. Rxf1 Rg2 39. a4 Bd4 40. Rb1
Nxf6 41. Ka3 Bxb2+ 42. Rxb2 Rxb2 43. Kxb2 Rd8 44. Kc3 Nxd5+ 45. Kc2 Ne3+ 46.
Kc3 Nxc4 47. Kxc4 h5 48. Kc5 h4 49. b4 h3 50. b5 h2 51. a5 h1=Q 52. b6 Qc1+ 53.
Kb5 Rd4 54. bxa7 54... Qc6# {ural checkmated} 0-1

[Event "ICS rated blitz match"]
[Site "204.178.125.65"]
[Date "1999.11.30"]
[Round "?"]
[White "Hossa"]
[Black "FLAGGER"]
[Result "1-0"]
[WhiteElo "2432"]
[BlackElo "2112"]
[PlyCount "145"]
[EventDate "1999.??.??"]

1. e4 e6 2. d4 d5 3. Nc3 dxe4 4. Nxe4 Be7 5. Nf3 Nd7 6. Bb5 Ngf6 7. Nxf6+ Bxf6
8. O-O O-O 9. Re1 a6 10. Bd3 b6 11. Be4 Rb8 12. Qd3 g6 13. Bh6 Bg7 14. Bxg7
Kxg7 15. Bc6 Bb7 16. Bxb7 Rxb7 17. Qxa6 Rb8 18. Qc4 Nf6 19. Ne5 Rc8 20. Nc6 Qd5
21. Qxd5 Nxd5 22. c4 Nf6 23. a4 Rfe8 24. b4 Ng8 25. a5 bxa5 26. bxa5 Ne7 27.
Nxe7 Rxe7 28. d5 Kf6 29. dxe6 Rxe6 30. Rxe6+ Kxe6 31. a6 Ra8 32. f4 Kd6 33. Ra5
Kc6 34. c5 Rd8 35. g4 f6 36. Kf2 h6 37. h4 Rb8 38. h5 g5 39. Ke3 Rb3+ 40. Kd4
Rb8 41. f5 Rd8+ 42. Ke4 Re8+ 43. Kd3 Rd8+ 44. Kc4 Re8 45. Kb4 Rb8+ 46. Kc3 Rd8
47. Kc2 Re8 48. Kd1 Rd8+ 49. Ke2 Re8+ 50. Kf3 Rd8 51. a7 Ra8 52. Ke4 Kb7 53.
Kd5 Rxa7 54. Rxa7+ Kxa7 55. Ke6 Kb7 56. Kxf6 Kc6 57. Kg7 Kd5 58. f6 Kxc5 59. f7
Kd4 60. f8=Q c5 61. Qxc5+ Kxc5 62. Kxh6 Kd6 63. Kxg5 Ke7 64. Kf5 Kf7 65. g5 Kg7
66. h6+ Kh7 67. Kf6 Kh8 68. g6 Kg8 69. g7 Kh7 70. Kf7 Kxh6 71. g8=Q Kh5 72. Qg3
Kh6 73. Qh4# {FLAGGER checkmated} 1-0

[Event "ICS rated blitz match"]
[Site "204.178.125.65"]
[Date "1999.11.30"]
[Round "?"]
[White "PostModernist"]
[Black "Hossa"]
[Result "1-0"]
[WhiteElo "2532"]
[BlackElo "2436"]
[PlyCount "107"]
[EventDate "1999.??.??"]

1. d4 Nf6 2. c4 g6 3. Nc3 d5 4. e3 e6 5. Nf3 c5 6. cxd5 exd5 7. Bb5+ Nc6 8. O-O
a6 9. Bxc6+ bxc6 10. Na4 c4 11. Ne5 Qc7 12. Qf3 Bg7 13. b3 cxb3 14. axb3 Ne4
15. Qd1 O-O 16. Bb2 f6 17. Nd3 Rb8 18. Nac5 Qb6 19. Nxe4 dxe4 20. Nc5 f5 21.
Bc3 Re8 22. Qe2 Qb5 23. Qd2 Rd8 24. Ra5 Qb6 25. Qe2 Rd5 26. b4 Ra8 27. Rfa1 Bh6
28. Qc4 Kh8 29. R5a3 Bg5 30. Nxa6 f4 31. exf4 Bxf4 32. Nc5 Rxa3 33. Rxa3 e3 34.
Qe2 exf2+ 35. Qxf2 Qc7 36. Qe1 Bxh2+ 37. Kh1 Rh5 38. Qe8+ Kg7 39. Bb2 Be5+ 40.
Kg1 Bf6 41. g3 Bg4 42. Ne4 Rh3 43. Kg2 Rh6 44. Ra8 Rh2+ 45. Kxh2 Qe7 46. Qg8+
Kh6 47. Bc1+ g5 48. Rf8 Bg7 49. Rf7 Qf8 50. Bxg5+ Kg6 51. Rxf8 Be6 52. Qxe6+
Bf6 53. Rg8+ Kh5 54. Nxf6# {Hossa checkmated} 1-0

[Event "ICS rated blitz match"]
[Site "204.178.125.65"]
[Date "1999.11.30"]
[Round "?"]
[White "Hossa"]
[Black "FLAGGER"]
[Result "1-0"]
[WhiteElo "2424"]
[BlackElo "2082"]
[PlyCount "45"]
[EventDate "1999.??.??"]

1. d4 e6 2. c4 d5 3. Nc3 dxc4 4. Qa4+ Bd7 5. Qxc4 Nf6 6. e4 Be7 7. Nf3 O-O 8.
Bf4 c6 9. Bd3 Na6 10. a3 Nc7 11. O-O Rc8 12. Ne5 h6 13. Qa4 a6 14. Qc4 Re8 15.
Rac1 Nb5 16. a4 Nxc3 17. Rxc3 Rf8 18. Qb3 Qa5 19. Nxd7 Nxd7 20. Qxb7 Rfd8 21.
Rxc6 Rxc6 22. Qxc6 Nf6 23. Bc7 {FLAGGER resigns} 1-0

[Event "ICS rated blitz match"]
[Site "204.178.125.65"]
[Date "1999.11.30"]
[Round "?"]
[White "FLAGGER"]
[Black "Hossa"]
[Result "0-1"]
[WhiteElo "2078"]
[BlackElo "2428"]
[PlyCount "70"]
[EventDate "1999.??.??"]

1. d4 d5 2. e3 c5 3. Nf3 cxd4 4. exd4 Nc6 5. Bd3 Bg4 6. c3 Qd6 7. Bg5 O-O-O 8.
Nbd2 f6 9. Bh4 e5 10. Bg3 Nh6 11. dxe5 fxe5 12. Qa4 Qc7 13. O-O-O Bd6 14. Be2
Rhf8 15. Rhf1 Kb8 16. h3 Be6 17. Ng5 Bg8 18. Kb1 Nf5 19. Bh2 Rc8 20. Bg4 h6 21.
Ngf3 Bh7 22. Ka1 Qe7 23. Bxf5 Bxf5 24. Rde1 Bd3 25. Rg1 Rc7 26. Qh4 Qxh4 27.
Nxh4 Rxf2 28. Ndf3 g5 29. Nxe5 Nxe5 30. Bxe5 Bxe5 31. Rxe5 gxh4 32. Rxd5 Bf1
33. Rh5 Rd7 34. a3 Rd1+ 35. Ka2 35... Bc4# {FLAGGER checkmated} 0-1

[Event "ICS rated blitz match"]
[Site "204.178.125.65"]
[Date "1999.11.30"]
[Round "?"]
[White "Hossa"]
[Black "FLAGGER"]
[Result "1-0"]
[WhiteElo "2432"]
[BlackElo "2062"]
[PlyCount "55"]
[EventDate "1999.??.??"]

1. d4 e6 2. c4 d5 3. Nc3 Nf6 4. e3 Be7 5. Nf3 O-O 6. Be2 Nbd7 7. O-O b6 8. Ne5
Bb7 9. cxd5 Nxd5 10. Bd2 Nxe5 11. dxe5 Bb4 12. Qc2 Nxc3 13. bxc3 Bc5 14. f4 Qh4
15. Rad1 Qh6 16. Bd3 Rfd8 17. Rf2 Rd7 18. Bc1 Rad8 19. Kh1 Qh5 20. c4 a5 21. a4
h6 22. Rfd2 g5 23. Bh7+ Kg7 24. Rxd7 Rxd7 25. Rxd7 gxf4 26. exf4 Qg4 27. Rxc7
Bxg2+ 28. Qxg2 {FLAGGER resigns} 1-0

[Event "ICS rated blitz match"]
[Site "204.178.125.65"]
[Date "1999.11.30"]
[Round "?"]
[White "FLAGGER"]
[Black "Hossa"]
[Result "0-1"]
[WhiteElo "2059"]
[BlackElo "2435"]
[PlyCount "144"]
[EventDate "1999.??.??"]

1. d4 d5 2. e3 c5 3. Nf3 cxd4 4. exd4 Nc6 5. Bd3 Bg4 6. c3 Qd6 7. h3 Bh5 8. Be3
O-O-O 9. Nbd2 Nf6 10. c4 Nb4 11. Be2 e6 12. c5 Qc7 13. Qa4 Nc6 14. b4 Ne4 15.
b5 Qa5 16. Qxa5 Nxa5 17. Nxe4 dxe4 18. Ne5 f6 19. Bxh5 fxe5 20. O-O-O exd4 21.
Bxd4 Rd5 22. Bg4 Kb8 23. Bxe6 Rxc5+ 24. Bxc5 Bxc5 25. Rhe1 Rf8 26. Rxe4 Rxf2
27. Rd2 Rf8 28. Re5 Bb4 29. Rde2 a6 30. bxa6 bxa6 31. Bd5 Ka7 32. Be4 Ba3+ 33.
Kc2 Rc8+ 34. Kd3 Nc4 35. Rd5 Nb6 36. Rg5 g6 37. h4 Na4 38. h5 Nc5+ 39. Ke3 Bc1+
40. Kf3 Bxg5 41. hxg6 Nxe4 42. Rxe4 hxg6 43. Rg4 Rc3+ 44. Ke2 Rc5 45. a4 Kb7
46. Kd3 Rd5+ 47. Kc4 Kc6 48. Rd4 Rxd4+ 49. Kxd4 Bf6+ 50. Kc4 Kb6 51. Kb4 Be7+
52. Kb3 Ka5 53. g4 Bb4 54. Kc4 Kxa4 55. Kd5 Kb3 56. Ke6 a5 57. Kf6 a4 58. Kxg6
a3 59. Kf7 Bd2 60. Kf6 Bg5+ 61. Kxg5 a2 62. Kf6 a1=Q+ 63. Kf5 Kc4 64. g5 Kd5
65. Kg6 Ke5 66. Kf7 Qa7+ 67. Kg6 Qb7 68. Kh6 Qc6+ 69. g6 Qc1+ 70. Kg7 Qc7+ 71.
Kh6 Kf5 72. g7 72... Qh2# {FLAGGER checkmated} 0-1

[Event "ICS rated blitz match"]
[Site "204.178.125.65"]
[Date "1999.11.30"]
[Round "?"]
[White "FLAGGER"]
[Black "Hossa"]
[Result "0-1"]
[WhiteElo "2053"]
[BlackElo "2441"]
[PlyCount "47"]
[EventDate "1999.??.??"]

1. d4 d5 2. e3 c5 3. Nf3 cxd4 4. exd4 Nc6 5. Be2 Bg4 6. O-O Qd6 7. c4 dxc4 8.
Bxc4 e6 9. Be3 O-O-O 10. Nc3 Qb4 11. Be2 Bxf3 12. Bxf3 Nxd4 13. Bxd4 Qxd4 14.
Qe2 Qd3 15. Qe5 Qf5 16. Qe3 Bc5 17. Qc1 Kb8 18. a3 Nf6 19. b4 Bd4 20. Rb1 Rc8
21. Qd2 Bxc3 22. Qd6+ Rc7 23. Rfc1 Rhc8 24. Rxc3 {FLAGGER resigns} 0-1

[Event "ICS rated blitz match"]
[Site "204.178.125.65"]
[Date "1999.11.30"]
[Round "?"]
[White "Varguz"]
[Black "Hossa"]
[Result "1-0"]
[WhiteElo "2837"]
[BlackElo "2444"]
[PlyCount "95"]
[EventDate "1999.??.??"]

1. e4 e6 2. d4 d5 3. Nd2 c5 4. exd5 exd5 5. Ngf3 Nc6 6. Bb5 Bd6 7. O-O cxd4 8.
Nb3 Nge7 9. Nbxd4 O-O 10. Be3 Bg4 11. h3 Nxd4 12. Bxd4 Bd7 13. Bxd7 Qxd7 14.
Re1 Rfe8 15. c3 Qc7 16. Qd3 Bf4 17. Rad1 Rac8 18. Be5 Bxe5 19. Rxe5 f6 20. Re6
Qa5 21. Rde1 Qd8 22. Qe3 Kf8 23. Qxa7 Qd7 24. Qa3 Rc6 25. R6e2 Ra6 26. Qb3 Rc6
27. Re3 Rc7 28. Qc2 Kg8 29. Nd4 Rcc8 30. Qe2 Kf7 31. Qh5+ Kg8 32. Nf5 Ng6 33.
Nd6 Rxe3 34. Qxd5+ Kf8 35. fxe3 Rd8 36. Rd1 Qe7 37. Qc5 Ne5 38. Rd4 Rb8 39. Qb6
Nd7 40. Qc7 Qxe3+ 41. Kf1 Qc1+ 42. Kf2 Qxb2+ 43. Kg1 Kg8 44. Qc4+ Kh8 45. Nf7+
Kg8 46. Nh6+ Kh8 47. Qg8+ Rxg8 48. Nf7# {Hossa checkmated} 1-0

[Event "ICS Rated standard match"]
[Site "204.178.125.65"]
[Date "1999.11.30"]
[Round "?"]
[White "PostModernist"]
[Black "Hossa"]
[Result "1/2-1/2"]
[WhiteElo "2300"]
[BlackElo "2199"]
[PlyCount "146"]
[EventDate "1999.??.??"]

1. d4 d5 2. c4 e6 3. Nf3 Nf6 4. Bg5 dxc4 5. Qa4+ Nc6 6. Qxc4 Qd5 7. Qxd5 Bb4+
8. Nbd2 exd5 9. Bxf6 gxf6 10. e3 Be6 11. Bb5 Rg8 12. Bxc6+ bxc6 13. g3 Rb8 14.
O-O-O Bf5 15. a3 Be7 16. Rde1 Be6 17. e4 a5 18. Re3 Kd7 19. Rhe1 Rb7 20. Nb1
Rgb8 21. R1e2 Bf8 22. Nh4 dxe4 23. Rxe4 Bc4 24. Rd2 Rb3 25. d5 Bxd5 26. Re1 Bc5
27. Ree2 Re8 28. Nc3 Rxe2 29. Rxe2 Bd4 30. Nxd5 cxd5 31. Rd2 c5 32. Nf5 Be5 33.
f4 Bd4 34. Nxd4 cxd4 35. Rxd4 Kc6 36. f5 Rf3 37. Rh4 Rxf5 38. Rxh7 Kc5 39. h4
Rf3 40. Rxf7 Rxg3 41. Rxf6 Rh3 42. Rf4 d4 43. Kb1 Kc4 44. Ka2 a4 45. Rg4 Rh1
46. Re4 Kd5 47. Re8 Rxh4 48. Rd8+ Ke5 49. Kb1 Rf4 50. Ra8 d3 51. Ra5+ Kd6 52.
Kc1 Rf1+ 53. Kd2 Rf2+ 54. Kxd3 Rxb2 55. Rxa4 Rb3+ 56. Kc4 Rb2 57. Ra6+ Kc7 58.
Re6 Rc2+ 59. Kb3 Rc6 60. Rxc6+ Kxc6 61. Kb4 Kb6 62. a4 Ka6 63. a5 Kb7 64. Kb5
Ka7 65. a6 Kb8 66. Kb6 Ka8 67. Kb5 Kb8 68. Kb4 Ka7 69. Ka5 Kb8 70. Kb5 Ka7 71.
Ka5 Kb8 72. Ka4 Ka7 73. Ka5 73... Kb8 {Game drawn by repetition} 1/2-1/2

[Event "ICS Rated blitz match"]
[Site "204.178.125.65"]
[Date "1999.11.30"]
[Round "?"]
[White "Hossa"]
[Black "Icky"]
[Result "1-0"]
[WhiteElo "2441"]
[BlackElo "2259"]
[PlyCount "107"]
[EventDate "1999.??.??"]

1. d4 Nf6 2. c4 e5 3. dxe5 Ng4 4. Nf3 Bc5 5. e3 Nc6 6. Be2 O-O 7. O-O Re8 8.
Qd5 Qe7 9. e4 Ngxe5 10. Bg5 Qf8 11. Be3 Bxe3 12. fxe3 d6 13. Nc3 Be6 14. Qb5
Rab8 15. Rad1 a6 16. Qa4 Qe7 17. Nd5 Bxd5 18. cxd5 Nxf3+ 19. Rxf3 Ne5 20. Rg3
Qh4 21. Rf1 Ng6 22. Rg4 Qe7 23. Rf5 Ne5 24. Rgf4 f6 25. a3 Nd7 26. b4 g6 27.
Rg4 Ne5 28. Rg3 Kh8 29. Rf4 Nd7 30. Rh3 Kg7 31. Qc2 Ne5 32. Rfh4 Rh8 33. Qd2
Rbc8 34. Rf4 c6 35. dxc6 Rxc6 36. b5 axb5 37. Bxb5 Rc5 38. Qe2 Rhc8 39. Rg3
Rc1+ 40. Rf1 Rxf1+ 41. Qxf1 Rc3 42. a4 Qc7 43. Qf2 Rc1+ 44. Bf1 Rc2 45. Qf4 Rc1
46. Rh3 Kg8 47. Qxf6 Qf7 48. Qxf7+ Nxf7 49. Kf2 Ng5 50. Rh4 h5 51. Rf4 Rc2+ 52.
Kg3 Ra2 53. Bc4+ Kg7 54. Bxa2 {Icky resigns} 1-0

[Event "ICS rated blitz match"]
[Site "204.178.125.65"]
[Date "1999.11.30"]
[Round "?"]
[White "Icky"]
[Black "Hossa"]
[Result "0-1"]
[WhiteElo "2251"]
[BlackElo "2449"]
[PlyCount "52"]
[EventDate "1999.??.??"]

1. e4 e6 2. d3 d5 3. Nd2 c5 4. Ngf3 Nc6 5. g3 Bd6 6. Bg2 Nge7 7. O-O O-O 8. Re1
Ng6 9. c3 Re8 10. Qe2 Bd7 11. h4 Qf6 12. Nf1 Qe7 13. N1h2 Rad8 14. h5 Nge5 15.
Nxe5 Nxe5 16. f4 Nc6 17. e5 Bc7 18. h6 f6 19. hxg7 fxe5 20. Ng4 exf4 21. Nh6+
Kxg7 22. Qg4+ Kh8 23. Qh5 Rf8 24. Bxd5 Be8 25. Qh3 Rxd5 26. Rxe6 26... Qg7 {
Icky resigns} 0-1

[Event "ICS rated blitz match"]
[Site "204.178.125.65"]
[Date "1999.11.30"]
[Round "?"]
[White "Hossa"]
[Black "Icky"]
[Result "1-0"]
[WhiteElo "2457"]
[BlackElo "2243"]
[PlyCount "41"]
[EventDate "1999.??.??"]

1. d4 Nf6 2. c4 e5 3. dxe5 Ng4 4. Nf3 Nc6 5. Bf4 Bb4+ 6. Nc3 Bxc3+ 7. bxc3 Qe7
8. Qd5 f6 9. exf6 Nxf6 10. Qd3 d6 11. e3 Kf8 12. O-O-O Bg4 13. Qb1 b6 14. Bd3
Bxf3 15. gxf3 Kf7 16. Rhg1 Ne5 17. Be2 Ng6 18. Bg3 Rhe8 19. Bd3 Ne5 20. Bxh7
Rh8 21. Be4 {Icky resigns} 1-0

[Event "ICS rated blitz match"]
[Site "204.178.125.65"]
[Date "1999.11.30"]
[Round "?"]
[White "Icky"]
[Black "Hossa"]
[Result "0-1"]
[WhiteElo "2236"]
[BlackElo "2464"]
[PlyCount "84"]
[EventDate "1999.??.??"]

1. e4 e6 2. d3 d5 3. Nd2 c5 4. Ngf3 Nc6 5. g3 Bd6 6. Bg2 Nge7 7. O-O O-O 8. Re1
Ng6 9. h4 Re8 10. h5 Nge5 11. Nxe5 Bxe5 12. f4 Bd4+ 13. Kh2 dxe4 14. Nxe4 f5
15. Ng5 Bf6 16. Nf3 e5 17. c3 e4 18. dxe4 Qxd1 19. Rxd1 fxe4 20. Ng5 Bxg5 21.
fxg5 Ne5 22. Bf4 Bg4 23. Re1 Nf3+ 24. Bxf3 exf3 25. h6 gxh6 26. gxh6 Re2+ 27.
Rxe2 fxe2 28. Kg2 Rd8 29. Re1 Kf7 30. Kf2 Ke6 31. Be3 Rf8+ 32. Bf4 Kd5 33. Ke3
Re8+ 34. Kd3 c4+ 35. Kc2 Ke4 36. b3 cxb3+ 37. axb3 Kf3 38. c4 Kf2 39. Bd2 Re3
40. Bxe3+ Kxe1 41. Bd2+ Kf2 42. b4 42... e1=Q {Icky resigns} 0-1

[Event "ICS rated bullet match"]
[Site "204.178.125.65"]
[Date "1999.11.30"]
[Round "?"]
[White "Zenith"]
[Black "Hossa"]
[Result "1-0"]
[WhiteElo "2501"]
[BlackElo "2580"]
[PlyCount "93"]
[EventDate "1999.??.??"]

1. e4 e6 2. d4 d5 3. Nd2 Nc6 4. Ngf3 e5 5. Nxe5 Nxd4 6. c3 Nc6 7. Nxc6 bxc6 8.
Bd3 Bc5 9. Nb3 Bb6 10. O-O Ne7 11. exd5 cxd5 12. a4 a5 13. Qh5 Ba6 14. Bxa6
Rxa6 15. Bg5 Ra8 16. Rae1 g6 17. Qh4 O-O 18. Bxe7 Qe8 19. Bxf8 Qxf8 20. Qf6 Re8
21. Qc6 Rd8 22. Qb5 Rb8 23. Qxd5 c5 24. Re5 Bc7 25. Re2 Bb6 26. Rfe1 Rd8 27.
Qxd8 Bxd8 28. Re8 Bb6 29. Rxf8+ Kxf8 30. Re5 h5 31. Rxc5 Bxc5 32. Nxc5 g5 33.
b4 axb4 34. cxb4 h4 35. a5 Ke7 36. a6 Kd6 37. a7 Kd5 38. a8=Q+ Kd6 39. Qd8+ Ke5
40. Qxg5+ f5 41. Qe3+ Kf6 42. f4 h3 43. Qe6+ Kg7 44. Qe7+ Kg6 45. Ne6 hxg2 46.
Qg7+ Kh5 47. Qg5# {Hossa checkmated} 1-0

[Event "ICS rated blitz match"]
[Site "204.178.125.65"]
[Date "1999.11.30"]
[Round "?"]
[White "Naitbfour"]
[Black "Hossa"]
[Result "1/2-1/2"]
[WhiteElo "2289"]
[BlackElo "2477"]
[PlyCount "137"]
[EventDate "1999.??.??"]

1. e4 e6 2. d4 d5 3. e5 c5 4. c3 Nc6 5. Nf3 Nge7 6. Bd3 Ng6 7. h4 c4 8. Bc2 Be7
9. g3 h5 10. O-O b6 11. b4 a5 12. b5 Na7 13. a4 Qd7 14. Ng5 Bd8 15. Re1 Bb7 16.
Ba3 Bxg5 17. hxg5 h4 18. Kg2 hxg3 19. fxg3 O-O-O 20. Nd2 Rh7 21. Rh1 Rxh1 22.
Qxh1 Rh8 23. Qf1 Qe8 24. Qf3 Qd8 25. Qg4 Nf8 26. g6 fxg6 27. Nf3 Kc7 28. Rf1
Nc8 29. Ng5 Rh5 30. Rf7+ Kb8 31. Nxe6 Nxe6 32. Qxe6 Qh8 33. Bxg6 Rh1 34. Kf3
Qh6 35. Bd6+ Nxd6 36. Qxd6+ Ka7 37. Rxb7+ Kxb7 38. Qxd5+ Kc7 39. Qd6+ Kc8 40.
Qc6+ Kd8 41. e6 Rf1+ 42. Ke2 Rf2+ 43. Kxf2 Qd2+ 44. Kf3 Qd1+ 45. Kf4 Qd2+ 46.
Kf5 Qd3+ 47. Qe4 Ke7 48. Qxd3 cxd3 49. Bh5 Kd6 50. d5 d2 51. Bd1 g5 52. Ke4 g4
53. Kd4 Ke7 54. Ke4 Kd6 55. Kd4 Ke7 56. Ke5 Ke8 57. d6 Kd8 58. Kf6 Kc8 59. d7+
Kd8 60. Kf7 Kc7 61. e7 Kxd7 62. e8=Q+ Kc7 63. Qe5+ Kb7 64. Be2 Kc8 65. Bxg4+
Kb7 66. Bf3+ Kc8 67. Qd6 d1=B 68. Qc6+ Kd8 69. Bxd1 {Hossa stalemated} 1/2-1/2

[Event "ICS rated blitz match"]
[Site "204.178.125.65"]
[Date "1999.11.30"]
[Round "?"]
[White "Hossa"]
[Black "fjolset"]
[Result "1-0"]
[WhiteElo "2469"]
[BlackElo "2146"]
[PlyCount "60"]
[EventDate "1999.??.??"]

1. d4 d5 2. Bg5 c6 3. Nf3 f5 4. e3 Nf6 5. c4 e6 6. Nc3 Bd6 7. Bd3 O-O 8. O-O
Qe8 9. Re1 Ne4 10. Bf4 Qe7 11. cxd5 exd5 12. Rc1 Nd7 13. Qb3 Kh8 14. Bxd6 Qxd6
15. Rc2 Rf6 16. Qa4 Rh6 17. Rec1 Qg6 18. Nxd5 Qh5 19. Nc7 g5 20. Nxa8 g4 21.
Bxe4 fxe4 22. Ne5 Qxh2+ 23. Kf1 Nxe5 24. dxe5 Qh1+ 25. Ke2 Qxg2 26. Qd4 Qf3+
27. Ke1 Rh1+ 28. Kd2 Qxf2+ 29. Kc3 Rxc1 30. Rxc1 30... Be6 {fjolset resigns}
1-0